000 00878nam a2200193 i 4500
001 69623
003 ES-MaACL
005 20230906170548.0
007 t|
008 040708s1948 sp ||||1| spa d
100 1 _aGarcía Fernández, Teófilo.
_954604
245 1 0 _aHistoria de la Villa de Valencia de Don Juan (León) y bosquejo geográfico e histórico del partido judicial de Valencia de Don Juan
_b: sus tradiciones, usos y costumbres /
_cpor Teófilo García Fernández ; prólogo de Vicente Serrano Puente ; epílogo de Antolín Gutiérrez Cuñado.
260 _a[S.l. :
_bs.n.,
_c1948] (
_eValladolid :
_fCastilla ; Gráf. Su-se)
300 _a511 p., 29 lám. ;
_c22 cm.
651 4 _aValencia de Don Juan-
_xHistoria.
_9157578
700 1 _aSerrano Puente, Vicente.
_9105790
700 1 _aGutiérrez Cuñado, Antolín.
_961111
852 _aES-MaACL
_jC-5578
_bR.26240
999 _c69623
_d69623